000 00700nam a2200229Ia 4500
003 OSt
005 20220217110622.0
008 210716s2019 xx 000 0 und d
020 _a9789350242704
040 _cAIMIT LIBRARY
041 _aeng
082 _a658.001
_21
_bPANK
100 _aPandey, K.M.
_920499
245 _aEconomics for managerial decisions /
_cBy K.M.Pandey and Manas Pandey.
250 _a1
260 _aNew Delhi :
_bHimalaya Publishing House ,
_c2019 .
300 _a365p. ;
_c24 cm.
650 _aMathematical Tools for Decision Making.
_920501
650 _aCost and Volume Relations.
_920502
700 _aPandey, Manas.
_920500
942 _2ddc
_cBK
_e1st
_k658.001 PANK
999 _c210889
_d210889